Statistics for Break my stride lyrics

Click here to take the quiz!

General Stats

  • This quiz has been taken 145 times
  • The average score is 22 of 31

Answer Stats

Lyrics% Correct
Last night I had the strangest _____dream
98%
I sailed away to ____China
95%
What does that _____?mean
94%
Ain't nothing gonna break my ______stride
94%
And you said you had to get your _______ cleanedlaundry
89%
__ __oh no
88%
__ __oh no
88%
__ __oh no
88%
__ __oh no
88%
And you ____said
88%
Nobody gonna _____ __ ____slow me down
88%
I got to keep on ______moving
87%
Didn't want no one to ___ youhold
83%
In a little ________ to find yourowboat
83%
Ain't _______ gonna break-a my stridenothing
79%
Ain't nothing gonna _____ my stridebreak
72%
_ got to keep on movingI
72%
I got to ____ on movingkeep
72%
I ___ to keep on movinggot
65%
Ain't nothing gonna break-a __ stridemy
65%
______ gonna slow me downnobody
64%
Why you're _______ so fast?running
58%
I'm _______running
58%
I'm running and I won't ____ groundtouch
55%
And I won't touch _____ground
53%
And __ saidshe
52%
Is that the ______reason
44%
But now you're feeling ______cocky
37%
The road beyond was _____rocky
35%
You look at me and see your ____past
32%
You're on a ___ and now you pray it'll lastroll
21%

Score Distribution

Percentile by Number Answered

Percent of People with Each Score

Your Score History

You have not taken this quiz